Theodore Roosevelt's Guinea Pigs - Statistics

General Stats
  • This quiz has been taken 29 times
  • The average score is 4 of 5
Answer Stats
Guinea Pig % Correct
Admiral Dewey
83%
Bishop Doane
83%
Dr. Johnson
83%
Fighting Bob Evans
67%
Father O'Grady
50%
No matching quizzes found
Score Distribution
Percent of People with Each Score
Percentile by Number Answered
Your Score History
You have not taken this quiz